| 000 | 00525nam a22001697a 4500 | ||
|---|---|---|---|
| 005 | 20240102155517.0 | ||
| 010 | _aENG-135807 | ||
| 020 |
_a9789380005317 _c145.00 |
||
| 035 | _aEN-119339 | ||
| 037 | _bDBAD/PUB | ||
| 082 | _as | ||
| 245 | _aContemporary Latin American Short Stories/ | ||
| 260 |
_aNew Delhi _bMaple Press Pvt. Ltd _c2022 |
||
| 270 |
_a4675 A/21, 1st Floor, Ansari Road, Daryaganj _bNew Delhi _e110002 _minfo@maplepress.co.in |
||
| 300 |
_a 401p. _c18cm(pbk) |
||
| 942 |
_2ddc _cEN _h920 _mROY |
||
| 999 |
_c194191 _d194191 |
||